Thể dục phòng và chữa bệnh hen phế quản

שמור ב:
מידע ביבליוגרפי
מחבר ראשי: Nguyễn Mạnh Phát
פורמט: ספר
שפה:Undetermined
יצא לאור: Hà Nội Thể dục thể thao 1979
נושאים:
תגים: הוספת תג
אין תגיות, היה/י הראשונ/ה לתייג את הרשומה!
Thư viện lưu trữ: Trung tâm Học liệu Trường Đại học Cần Thơ
LEADER 00585nam a2200181Ia 4500
001 CTU_7285
008 210402s9999 xx 000 0 und d
082 |a 613.7 
082 |b Ph110 
100 |a Nguyễn Mạnh Phát 
245 0 |a Thể dục phòng và chữa bệnh hen phế quản 
245 0 |c Nguyễn Mạnh Phát 
260 |a Hà Nội 
260 |b Thể dục thể thao 
260 |c 1979 
650 |a medical gymnastics,physical fitness 
904 |i Nguyễn Quang Điền, 960601 
980 |a Trung tâm Học liệu Trường Đại học Cần Thơ